Normal view
MARC view
Entry Nombre geográfico
001 - NÚMERO DE CONTROL
- campo de control: 77856
003 - IDENTIFICADOR DEL NÚMERO DE CONTROL
- campo de control: OSt
005 - FECHA Y HORA DE LA ÚLTIMA TRANSACCIÓN
- campo de control: 20210218114058.0
008 - DATOS DE LONGITUD FIJA
- campo de control de longitud fija: 210218|| aca||aabn | a|a d
040 ## - FUENTE DE LA CATALOGACIÓN
- Centro catalogador/agencia de origen: OSt
- Centro/agencia transcriptor: OSt
151 ## - ENCABEZAMIENTO--NOMBRE GEOGRÁFICO
- Nombre geográfico: La Vega (República Dominicana)
- Subdivisión general: Vida social y costumbres
- Subdivisión cronológica: Siglo XX
670 ## - FUENTE DE DATOS ENCONTRADOS
- Cita de la fuente: Work cat.: (OSt)49396: 6902 Hernández Figueroa, Alfredo Rafael., Vida social y cultural de la Vega en la primera mitad del siglo xx : , 2020
